000 00774nam a2200217 a 4500
005 20230620063709.0
008 010508s1992 mx r 000 0 spa d
020 _a9681639222
035 _aUPN01000106187
049 _aCG
050 4 _aHB941
_bZ3.38
100 1 _aZavala de Cosío, María Eugenia
245 1 0 _aCambios de fecundidad en México y políticas de población /
_cMaría Eugenia Zavala de Cosío ; tr. de Jorge Ferreiro.
260 _aMéxico :
_bFCE,
_c1992.
300 _a326 p.
440 0 _aSección de obras de economía latinoamericana
534 _pTraducción de:
_tChangements de fecondité su Mexique et politiques de population
650 7 _aControl de la natalidad
_zMéxico
_2
_96016
651 4 _aMEXICO -
_xPOBLACION
_916070
905 _aLibro
999 _c80100
_d80100